书目信息 |
| 题名: |
中国古典文学研究论文索引
|
|
| 作者: | ;中国社会科学院文学研究所图书资料室 , 河北北京师范学院中文系资料室 编 | |
| 分册: | ||
| 出版信息: | 北京 中华书局出版 1979.11 |
|
| 页数: | 416页 | |
| 开本: | 20cm | |
| 丛书名: | ||
| 单 册: | ||
| 中图分类: | Z89:I206.2 | |
| 科图分类: | ||
| 主题词: | 索引--古典文学--文学研究--中国 | |
| 电子资源: | ||
| ISBN: | ||
| 000 | 01020nam0 2200229 45 | |
| 001 | 0181015764 | |
| 005 | 20060629100327.39 | |
| 010 | @dCNY1.55 | |
| 091 | @a10018.384 | |
| 100 | @a20810111d km y0chiy0120 ea | |
| 101 | 0 | @achi |
| 200 | 1 | @a中国古典文学研究论文索引@AZhong Guo Gu Dian Wen Xue Yan Jiu Lun Wen Suo Yin@e1949-1966.6@f河北北京师范学院中文系资料室,中国社会科学院文学研究所图书资料室编@Fhe bei bei jing shi fan xue yuan zhong wen xi zi liao shi,zhong guo she hui ke xue yuan wen xue yan jiu suo tu shu zi liao shi bian |
| 205 | @a2版@b增订本 | |
| 210 | @a北京@c中华书局出版@d1979.11 | |
| 215 | @a416页@d20cm | |
| 517 | @a1949-1966.6 | |
| 606 | 0 | @a索引@x古典文学@x文学研究@x中国 |
| 690 | @aZ89:I206.2@v3 | |
| 711 | 02 | @a中国社会科学院文学研究所图书资料室@Azhong guo she hui ke xue yuan wen xue yan jiu suo tu shu zi liao shi@4编 |
| 711 | 0 | @a河北北京师范学院中文系资料室@Ahe bei bei jing shi fan xue yuan zhong wen xi zi liao shi@4编 |
| 801 | @aCN@bTSTC@c20060629 | |
| 905 | @dZ89:I206.2@e55(49-66)=2 | |
| 中国古典文学研究论文索引:1949-1966.6/河北北京师范学院中文系资料室,中国社会科学院文学研究所图书资料室编.-2版,增订本.-北京:中华书局出版,1979.11 |
| 416页;20cm |
| ISBN :CNY1.55 |
| ● |
| 相关链接 |
|
|
|
|
正题名:中国古典文学研究论文索引
索取号:Z89:I206.2/55(49-66)=2
 
预约/预借
| 序号 | 登录号 | 条形码 | 馆藏地/架位号 | 状态 | 备注 |
| 1 | 0024364 | 001213831 | 密集书库/ [索取号:Z89:I206.2/55(49-66)=2] | 在馆 | |
| 2 | 0209008 | 001558763 | 密集书库/ [索取号:Z89:I206.2/55(49-66)=2] | 在馆 | |
| 3 | 0209009 | 001558736 | 第三借阅区/ [索取号:Z89:I206.2/55(49-66)=2] | 在馆 | |
| 4 | 0209010 | 202124986 | 第二样本阅览室/ [索取号:Z89:I206.2/55(49-66)=2] | 在馆 | |
| 5 | 0420310 | 204203101 | 密集书库/ [索取号:Z89:I206.2/55(49-66)=2] | 在馆 | |
| 6 | 0421156 | 204211566 | 密集书库/ [索取号:Z89:I206.2/55(49-66)=2] | 在馆 | |
| 7 | 0421157 | 204211575 | 密集书库/ [索取号:Z89:I206.2/55(49-66)=2] | 在馆 | |
| 8 | 0421158 | 204211584 | 密集书库/ [索取号:Z89:I206.2/55(49-66)=2] | 在馆 | |
| 9 | 0421159 | 204211593 | 密集书库/ [索取号:Z89:I206.2/55(49-66)=2] | 在馆 | |
| 10 | 0421160 | 204211600 | 密集书库/ [索取号:Z89:I206.2/55(49-66)=2] | 在馆 |